Biblioteca

Reflections from the edge : (Registro nro. 70324)

Detalles MARC
000 -LÍDER
Campo fijo de descripción fija 01553nab a2200241 i 4500
001 - NÚMERO DE CONTROL
Campo de control 768714001
003 - IDENTIFICADOR DEL NÚMERO DE CONTROL
Campo de control CO-MdFUSB
005 - FECHA Y HORA DE LA ULTIMA TRANSACCIÓN
control field 20240620144157.0
008 - ELEMENTOS DE LONGITUD FIJA -- INFORMACIÓN GENERAL
Campo fijo de descripción fija -- Información general 240620t1993 us ||||| |||| 00| 0 eng d
040 ## - FUENTE DE CATALOGACIÓN
Idioma de catalogación spa
Agencia que realiza la transcripción CO-MdFUSB
Agencia que realiza la modificación CO-MdFUSB
041 ## - CÓDIGO DE IDIOMA
Código de idioma para texto/pista de sonido o título separado eng
100 ## - ASIENTO PRINCIPAL--NOMBRE PERSONAL
Nombre personal Gittins, Anthony J.,
Fechas asociadas con el nombre 1943- ‎
Término relacionador autor
245 ## - TÍTULO
Título Reflections from the edge :
Subtitulo mission-in-reverse and missiological research
Mención de responsabilidad / Anthony J. Gittins
520 ## - NOTA DE RESUMEN, ETC.
Nota de sumario, etc. A veces los antropólogos pasan varias décadas hablando de personas y situaciones que no han visto desde su trabajo de campo inicial; no es de extrañar que su entusiasmo disminuya y su credibilidad se vea socavada. Pero los misionólogos también pueden experimentar una cierta tensión entre sus enseñanzas y su experiencia de la misión.<br/>El mensaje de Jesús es para todos y para todos los tiempos, pero ministró en un tiempo y lugar determinados y adoptó una perspectiva clara: la de los pobres, los pecadores, los marginados. Este artículo, fuertemente autobiográfico, intenta vincular el trabajo de campo y el ministerio, la academia y la comunidad, en el espíritu de Jesús-misionero.
546 ## - NOTA DE IDIOMA
Nota de idioma texto en inglés.
650 #7 - ASIENTO SECUNDARIO DE MATERIA - TERMINO TEMÁTICO
Término temático o nombre geográfico como elemento de entrada Misioneros
9 (RLIN) 931
650 #0 - ASIENTO SECUNDARIO DE MATERIA - TERMINO TEMÁTICO
Término temático o nombre geográfico como elemento de entrada Evangelización
9 (RLIN) 362
650 #7 - ASIENTO SECUNDARIO DE MATERIA - TERMINO TEMÁTICO
Término temático o nombre geográfico como elemento de entrada Hombres
Subdivisión general Vida religiosa
9 (RLIN) 7150
650 #7 - ASIENTO SECUNDARIO DE MATERIA - TERMINO TEMÁTICO
Término temático o nombre geográfico como elemento de entrada Antropología cultural y social
9 (RLIN) 6714
773 0# - ASIENTO DE ITEM FUENTE
Biblionumber 49486
Itemnumber 61129
Lugar, editorial y fecha de publicación Pasadena
Otro identificador del ítem R0885
Título Missiology:
Número de control del registro (CO-MdFUSB)97
Parte(s) relacionada(s) / Volumen., número. (mes año), páginas Volumen 21, (número 1, 1993) páginas: 21 - 29
Enumeración y primera página página: 21
942 ## - TIPO DE MATERIAL (KOHA)
Tipo de Item KOHA Artículos de Revista
945 ## - INFORMACIÓN LOCAL DEL REGISTRO
Catalogador Catherine Arias Álvarez - Practicante SENA

No hay ítems disponibles.

Biblioteca FUSBC | Teléfono: (57+4) 349 88 10 Ext. 141| WhatsApp (+57) 3005338115 
E-mail: biblioteca@unisbc.edu.co | Calle 76 87-14 Robledo Palenque, Medellín, Colombia

Con tecnología Koha